| 000 | 00704nam a2200205 u 4500 | ||
|---|---|---|---|
| 005 | 20240927063721.0 | ||
| 008 | 140319s2004 r 000 0 eng d | ||
| 020 | _a9706288252 | ||
| 035 | _aUPN01000196435 | ||
| 049 | _aCG | ||
| 050 | 4 |
_aHB850.5 M6 _bR4.3 |
|
| 245 | 0 | 0 |
_aReflexiones sobre la transición demográfica y sus implicaciones sociales : _b30 años de política de población / _ccoord. Elena Zúñiga Herrera. |
| 260 |
_aMéxico : _bCONAPO, _c2004. |
||
| 300 |
_a95 p. : _bil. |
||
| 651 | 4 |
_aMEXICO - _xPOBLACION _916070 |
|
| 650 | 0 |
_aDemografía _zMéxico _913253 |
|
| 650 | 4 |
_aPolítica de población _919798 |
|
| 700 | 1 |
_aZúñiga Herrera, María Elena, _ecoord. _942338 |
|
| 905 | _aLibro | ||
| 999 |
_c168536 _d168536 |
||